Biggest Cities in Kazakhstan On a Map - Statistics

General Stats
  • This quiz has been taken 714 times
    701 since last reset
  • The average score is 9 of 16
Answers on the Map
Answers color-coded by a green-red scale on the quiz's map according to % correct below.
 
Answer Stats
Population City % Correct
1,078,384 Nur-Sultan
99%
1,854,656 Almaty
96%
1,011,511 Shymkent
70%
497,767 Karagandy
68%
500,000 Aktobe
67%
269,704 Atyrau
60%
183,006 Aktau
58%
333,818 Pavlodar
57%
234,167 Uralsk
55%
239,042 Kyzylorda
48%
218,056 Petropavlovsk
48%
323,199 Semey
48%
331,597 Oskemen
46%
357,528 Taraz
45%
242,997 Kostanay
41%
179,234 Temirtau
19%
No matching quizzes found
Score Distribution
Percent of People with Each Score
Percentile by Number Answered
Your Score History
You have not taken this quiz since the last reset